| 000 | 00469pab a2200169 454500 | ||
|---|---|---|---|
| 008 | 180718b2002 xxu||||| |||| 00| 0 eng d | ||
| 100 | _aMittal, S.P. | ||
| 245 | _aSmall farmers contribution to white revolution in watershed management project - Sukhomajri | ||
| 260 | _c2002 | ||
| 300 | _ap.52-54. | ||
| 362 | _aJul-Dec | ||
| 650 | _aFarmers | ||
| 650 | _aWatersheds | ||
| 700 | _aAggarwal, R.K. | ||
| 773 | _aPolitical Economy Journal of India | ||
| 909 | _a55474 | ||
| 999 |
_c55474 _d55474 |
||